Food and Beverage Service II paper-2.2 (Semester Scheme) [electronic resource : question paper] : Second Semester B.H.M. examination, May/June 2007 (US-753] (Record no. 205161)
[ view plain ]
| 000 -LEADER | |
|---|---|
| fixed length control field | 00520nam a2200121Ia 4500 |
| 008 - FIXED-LENGTH DATA ELEMENTS--GENERAL INFORMATION | |
| fixed length control field | 231221s9999 xx 000 0 und d |
| 041 ## - LANGUAGE CODE | |
| Language code of text/sound track or separate title | English |
| 082 ## - DEWEY DECIMAL CLASSIFICATION NUMBER | |
| Classification number | QPHMUG07-1289 |
| 245 #0 - TITLE STATEMENT | |
| Title | Food and Beverage Service II paper-2.2 (Semester Scheme) [electronic resource : question paper] : Second Semester B.H.M. examination, May/June 2007 (US-753] |
| 260 ## - PUBLICATION, DISTRIBUTION, ETC. | |
| Date of publication, distribution, etc. | 2007/05 |
| Name of publisher, distributor, etc. | BU-Bangalore University |
| 650 ## - SUBJECT ADDED ENTRY--TOPICAL TERM | |
| Topical term or geographic name entry element | Food,Beverage,II,paper-2.2,(Semester,Scheme),:,paper],:,B.H.M.,examination,,May/June,2007,(US-753] |
| 942 ## - ADDED ENTRY ELEMENTS (KOHA) | |
| Koha item type | Digital Library |
| Date last seen | Total checkouts | Full call number | Accession number | Uniform resource identifier | Price effective from | Category | Lost status | Damaged status | Department | Withdrawn status | Home library | Current library | Shelving location | Entry date | Grants | Billdate | Currency symbol | Conversion rate | Discount | Old discount |
|---|---|---|---|---|---|---|---|---|---|---|---|---|---|---|---|---|---|---|---|---|
| 26/01/2024 | QPHMUG07-1289 | DL1289 | digital/qp/dl1289.pdf | 26/01/2024 | Digital Library | Central Library | Central Library | Central Library | Central Library | HM | 02/03/2010 | RS | 1 |
